000
00337 a2200157 4500
001
62605
020
_a
9788590391951
040
_c
Anchieta - Pituba
100
_a
Vasconcellos, Djalma
240
1
0
_a
Joaquim Nabuco
_l
por
245
1
0
_a
Joaquim Nabuco
300
_a
212
362
0
_a
2012
650
4
_a
Ficção brasileira
942
_c
BK
999
_c
62605
_d
62605